<?xml version="1.0" encoding="UTF-8"?>
<record
    xmlns:xsi="http://www.w3.org/2001/XMLSchema-instance"
    xsi:schemaLocation="http://www.loc.gov/MARC21/slim http://www.loc.gov/standards/marcxml/schema/MARC21slim.xsd"
    xmlns="http://www.loc.gov/MARC21/slim">

  <leader>00561nam a2200205 a 4500</leader>
  <datafield tag="999" ind1=" " ind2=" ">
    <subfield code="c">1814</subfield>
    <subfield code="d">1814</subfield>
  </datafield>
  <controlfield tag="003">PK-NaQUE</controlfield>
  <controlfield tag="005">20251105095253.0</controlfield>
  <controlfield tag="008">251105b           ||||| |||| 00| 0 eng d</controlfield>
  <datafield tag="020" ind1=" " ind2=" ">
    <subfield code="a">0070203539 (hardcover)</subfield>
  </datafield>
  <datafield tag="020" ind1=" " ind2=" ">
    <subfield code="a">9780070203532 (hardcover)</subfield>
  </datafield>
  <datafield tag="040" ind1=" " ind2=" ">
    <subfield code="c">QUEST</subfield>
  </datafield>
  <datafield tag="100" ind1="1" ind2=" ">
    <subfield code="a">Feigenbaum, A. V.</subfield>
  </datafield>
  <datafield tag="245" ind1="1" ind2="0">
    <subfield code="a">Total Quality Control /</subfield>
  </datafield>
  <datafield tag="250" ind1=" " ind2=" ">
    <subfield code="a">3rd ed.</subfield>
  </datafield>
  <datafield tag="260" ind1=" " ind2=" ">
    <subfield code="a">[S.l.] :</subfield>
    <subfield code="b">McGraw-Hill,</subfield>
    <subfield code="c">1983.</subfield>
  </datafield>
  <datafield tag="300" ind1=" " ind2=" ">
    <subfield code="a">851 p. ;</subfield>
  </datafield>
  <datafield tag="650" ind1=" " ind2=" ">
    <subfield code="a">Quality control	</subfield>
  </datafield>
  <datafield tag="856" ind1="4" ind2="0">
    <subfield code="u">http://10.10.170.122:8080/browse/book/24973</subfield>
    <subfield code="y">Download eBook</subfield>
  </datafield>
  <datafield tag="942" ind1=" " ind2=" ">
    <subfield code="c">BK</subfield>
    <subfield code="2">ddc</subfield>
  </datafield>
  <datafield tag="952" ind1=" " ind2=" ">
    <subfield code="0">0</subfield>
    <subfield code="1">0</subfield>
    <subfield code="4">0</subfield>
    <subfield code="7">0</subfield>
    <subfield code="a">QUESTCL</subfield>
    <subfield code="b">QUESTCL</subfield>
    <subfield code="d">2014-05-08</subfield>
    <subfield code="g">168.54</subfield>
    <subfield code="l">1</subfield>
    <subfield code="o">658.562FEI</subfield>
    <subfield code="p">12940</subfield>
    <subfield code="r">2018-11-06 00:00:00</subfield>
    <subfield code="s">2017-09-13</subfield>
    <subfield code="w">2014-05-08</subfield>
    <subfield code="y">BK</subfield>
  </datafield>
  <datafield tag="952" ind1=" " ind2=" ">
    <subfield code="0">0</subfield>
    <subfield code="1">0</subfield>
    <subfield code="4">0</subfield>
    <subfield code="7">0</subfield>
    <subfield code="a">SLME</subfield>
    <subfield code="b">SLME</subfield>
    <subfield code="d">2014-05-08</subfield>
    <subfield code="g">168.54</subfield>
    <subfield code="l">0</subfield>
    <subfield code="o">658.562FEI</subfield>
    <subfield code="p">12941</subfield>
    <subfield code="r">2014-05-08 00:00:00</subfield>
    <subfield code="w">2014-05-08</subfield>
    <subfield code="y">BK</subfield>
  </datafield>
  <datafield tag="952" ind1=" " ind2=" ">
    <subfield code="0">0</subfield>
    <subfield code="1">0</subfield>
    <subfield code="4">0</subfield>
    <subfield code="7">0</subfield>
    <subfield code="a">QUESTCL</subfield>
    <subfield code="b">QUESTCL</subfield>
    <subfield code="d">2014-05-08</subfield>
    <subfield code="g">168.54</subfield>
    <subfield code="l">1</subfield>
    <subfield code="o">658.562FEI</subfield>
    <subfield code="p">12942</subfield>
    <subfield code="r">2018-10-22 00:00:00</subfield>
    <subfield code="s">2017-08-22</subfield>
    <subfield code="w">2014-05-08</subfield>
    <subfield code="y">BK</subfield>
  </datafield>
  <datafield tag="952" ind1=" " ind2=" ">
    <subfield code="0">0</subfield>
    <subfield code="1">0</subfield>
    <subfield code="4">0</subfield>
    <subfield code="7">0</subfield>
    <subfield code="a">REF</subfield>
    <subfield code="b">REF</subfield>
    <subfield code="d">2014-05-08</subfield>
    <subfield code="g">168.54</subfield>
    <subfield code="l">0</subfield>
    <subfield code="o">658.562FEI(Shelf - 85A)</subfield>
    <subfield code="p">12943</subfield>
    <subfield code="r">2014-05-08 00:00:00</subfield>
    <subfield code="y">BK</subfield>
  </datafield>
  <datafield tag="952" ind1=" " ind2=" ">
    <subfield code="0">0</subfield>
    <subfield code="1">0</subfield>
    <subfield code="4">0</subfield>
    <subfield code="7">0</subfield>
    <subfield code="a">QUESTCL</subfield>
    <subfield code="b">QUESTCL</subfield>
    <subfield code="d">2014-05-08</subfield>
    <subfield code="g">168.54</subfield>
    <subfield code="l">0</subfield>
    <subfield code="o">658.562FEI</subfield>
    <subfield code="p">12944</subfield>
    <subfield code="r">2014-05-08 00:00:00</subfield>
    <subfield code="w">2014-05-08</subfield>
    <subfield code="y">BK</subfield>
  </datafield>
  <datafield tag="952" ind1=" " ind2=" ">
    <subfield code="0">0</subfield>
    <subfield code="1">0</subfield>
    <subfield code="4">0</subfield>
    <subfield code="7">0</subfield>
    <subfield code="a">QUESTCL</subfield>
    <subfield code="b">QUESTCL</subfield>
    <subfield code="d">2014-05-08</subfield>
    <subfield code="g">194.00</subfield>
    <subfield code="l">0</subfield>
    <subfield code="o">658.562FEI</subfield>
    <subfield code="p">13998</subfield>
    <subfield code="r">2024-01-01 00:00:00</subfield>
    <subfield code="w">2024-01-01</subfield>
    <subfield code="y">BK</subfield>
  </datafield>
</record>
